000
00236nam a22000857a 4500
008
170606b xxu||||| |||| 00| 0 eng d
100
_9
3291
_a
Anand. M. R
245
_a
Some street games of India
260
_a
New Delhi
_b
National Book Trust
_c
2005
999
_c
6608
_d
6608